Bhumibol Adulyadej, King of Thailand, papers, (Record no. 44167)

MARC details
000 -LEADER
fixed length control field 00911cpcaa2200253 4500
001 - CONTROL NUMBER
control field mm 87006197
003 - CONTROL NUMBER IDENTIFIER
control field DLC
005 - DATE AND TIME OF LATEST TRANSACTION
control field 20260227111722.0
008 - FIXED-LENGTH DATA ELEMENTS--GENERAL INFORMATION
fixed length control field 870608|||||||||||| eng
010 ## - LIBRARY OF CONGRESS CONTROL NUMBER
LC control number mm 87006197
040 ## - CATALOGING SOURCE
Original cataloging agency DLC
Transcribing agency DLC
Description conventions dacs
Modifying agency DLC
072 #7 - SUBJECT CATEGORY CODE
Subject category code R
Source lcmd
100 0# - MAIN ENTRY--PERSONAL NAME
Personal name Bhumibol Adulyadej,
Titles and words associated with a name King of Thailand,
Dates associated with a name 1927-
245 00 - TITLE STATEMENT
Title Bhumibol Adulyadej, King of Thailand, papers,
Inclusive dates 1983.
300 ## - PHYSICAL DESCRIPTION
Extent 4
Type of unit items.
506 0# - RESTRICTIONS ON ACCESS NOTE
Terms governing access Open to research.
533 ## - REPRODUCTION NOTE
Type of reproduction In part, positive photocopy.
Place of reproduction [S.l.].
545 0# - BIOGRAPHICAL OR HISTORICAL DATA
Biographical or historical data King of Thailand.
546 ## - LANGUAGE NOTE
Language note Collection material in English.
580 ## - LINKING ENTRY COMPLEXITY NOTE
Linking entry complexity note Forms part of: Miscellaneous Manuscripts collection.
656 #7 - INDEX TERM--OCCUPATION
Occupation Kings.
Source of term itoamc

No items available.

Powered by Koha